| Record ID | ia:stonemonkey0000deav_v8a8 |
| Source | Internet Archive |
| Download MARC XML | https://archive.org/download/stonemonkey0000deav_v8a8/stonemonkey0000deav_v8a8_marc.xml |
| Download MARC binary | https://www.archive.org/download/stonemonkey0000deav_v8a8/stonemonkey0000deav_v8a8_meta.mrc |
LEADER: 02018cam 2200589Mi 4500
001 ocm59363971
003 OCoLC
005 20200715212133.0
008 050423r20032002enk 000 f eng d
040 $aUKV3G$beng$cUKV3G$dUKM$dOCLCQ$dYDXCP$dOCLCQ$dOCLCF$dOCLCO$dOCLCQ$dOCLCA$dOCL$dOCLCO$dNZHWP$dOCLCQ$dOCLCO$dOCL$dOCLCO$dOCLCQ$dOCLCO
015 $aGBA3Z2313$2bnb
019 $a51528800
020 $a0340734019
020 $a9780340734018
035 $a(OCoLC)59363971$z(OCoLC)51528800
082 04 $a813.54$221
100 1 $aDeaver, Jeffery.
245 14 $aThe stone monkey /$cJeff Deaver.
260 $aLondon :$bCoronet,$c2003.
300 $a432 pages ;$c20 cm
336 $atext$btxt$2rdacontent
337 $aunmediated$bn$2rdamedia
338 $avolume$bnc$2rdacarrier
500 $aOriginally published: London: Hodder & Stoughton, 2002.
600 10 $aRhyme, Lincoln$c(Fictitious character)$vFiction.
650 0 $aForensic pathologists$vFiction.
650 0 $aQuadriplegics$vFiction.
600 17 $aRhyme, Lincoln$c(Fictitious character)$2fast$0(OCoLC)fst01097242
650 7 $aForensic pathologists.$2fast$0(OCoLC)fst00931989
650 7 $aQuadriplegics.$2fast$0(OCoLC)fst01084878
655 7 $aThrillers (Fiction)$2fast$0(OCoLC)fst01726755
655 7 $aFiction.$2fast$0(OCoLC)fst01423787
655 7 $aMystery fiction.$2gsafd
655 7 $aThrillers (Fiction)$2lcgft
938 $aYBP Library Services$bYANK$n100559699
029 1 $aNOK$b0340734019
029 1 $aUKBCI$b061030945
029 1 $aUKBNS$b061030945
029 1 $aUKBOR$b061030945
029 1 $aUKDEL$b061030945
029 1 $aUKDON$b0340734019
029 1 $aUKDOR$b061030945
029 1 $aUKMDD$b0340734019
029 1 $aUKPMH$b0340734019
029 1 $aUKPMH$b061030945
029 1 $aUKPTR$b0340734019
029 1 $aUKSCO$b061030945
029 1 $aUKSGC$b061030945
029 1 $aUKSOM$b061030945
029 1 $aUNITY$b061030945
994 $aZ0$bP4A
948 $hNO HOLDINGS IN P4A - 70 OTHER HOLDINGS